| 000 | 00496nam a2200181Ia 4500 | ||
|---|---|---|---|
| 003 | IN-BaIIA | ||
| 008 | 211028s9999 xx 000 0 eng d | ||
| 040 | _cIIA Library | ||
| 080 |
_a621.396.9 _bMIT |
||
| 110 | _aMassachusetts Institute of Technology | ||
| 245 | 0 |
_aPrinciples of rada _cMassachusetts Institute of Technology |
|
| 250 | _a2nd ed. | ||
| 260 |
_aNew York _bMcGraw-Hill _c1946 |
||
| 300 | _a[various pagings.] | ||
| 650 | _aNASA Thesaurus | ||
| 650 |
_aRadar _92144 |
||
| 942 | _cBK | ||
| 999 |
_c4615 _d4615 |
||